Responses for Show #3851 - Monday, May 7, 2001

2001 Teen Tournament semifinal game 1.
From the Pennsylvania Convention Center in Philadelphia.

Contestants

[<< previous game]

Jonathan Reinstein, a junior from Dix Hills, New York

Misti Coronel, a senior from Pottstown, Pennsylvania

Graham Gilmer, a senior from Lynchburg, Virginia

[next game >>]

Jeopardy! Round responses

PROPS
I REPRESENT
(Alex: We want you to name the state represented.)
MY PEPYS
OLD SCHOOL
RECOGNIZE MY GAME
HIP HOP NATION
    $100 21
102 Dalmatians

Misti
    $100 1
Arizona

Graham
    $100 26
(Alex: With less than a minute.)

London

Graham
    $100 11
Tokyo

Graham
    $100 6
golf

Graham
    $100 16
grasshopper

Misti
    $200 22
Charlie's Angels

Graham
    $200 2
California

Graham
    $200 27
January 1st

Jonathan
    $200 12
Harvard

Graham
    $200 7
ping-pong/table tennis

Graham
    $200 17
toads

Graham
    $300 23
Dr. Evil

Graham
    $300 3
Texas

Triple Stumper
    $300 28
Cambridge

Triple Stumper
    $300 13
St. Louis

Triple Stumper
    $300 8
polo

Graham
    $300 18
fish

Misti
    $400 24
X-Men

Triple Stumper
    $400 4
Colorado

Graham
    $500 29
the Thames

Jonathan
    $400 14
(Misti: What is Egypt?)

Morocco

Misti
Triple Stumper
    $400 9
(Misti: What is cricket?)

croquet

GrahamMisti
    $400 19
(Jonathan: What is a mongoose?)

wallaby

GrahamJonathan
    $500 25
Little Nicky

Misti
    $500 5
Illinois

Jonathan
    $500 30
the Great Plague

Graham
    $500 15
(Misti: What is St. Andrew's?)

St. Andrew

Misti
Triple Stumper
    $500 10
(Graham: What is tennis?)
(Jonathan: What is racquetball?)

volleyball

GrahamMistiJonathan
    $500 20
(Misti: What is a mouse?)

rat

Misti

Scores at the first commercial break (after clue 15):

Graham Misti Jonathan
$1,500 -$800 $0

Scores at the end of the Jeopardy! Round:

Graham Misti Jonathan
$3,200 $700 $300

Double Jeopardy! Round responses

THE 1800s
10-LETTER WORDS
DA BOMB
LET'S GO PARK
RELIGIOUS WORKS
THE END
(Alex: We will give you the ending of a film, you identify the motion picture for us.)
    $200 6
sterilize

Graham
    $200 1
fraternity

Graham
    $200 26
(Graham: What is the War Department?)
(Misti: What is the Defense Department?)
....
(Alex: The Army is a branch of the Defense Department, the military.)

the Army

GrahamMistiJonathan
    $200 11
New York

Jonathan
    $200 16
Roman Catholic Church

Graham
    $200 21
Toy Story 2

Jonathan
    $400 7
the Eiffel Tower

Graham
    $400 2
plagiarism

Jonathan
    $400 27
plutonium

Graham
    $400 12
Yellowstone

Graham
    $400 17
mass

Triple Stumper
    $400 22
The Wedding Planner

Misti
    $1,500 8
Queen Victoria

Graham
    $600 3
elementary

Graham
    $600 28
Nagasaki

Jonathan
    $600 13
Lake Erie

Jonathan
    $700 18
St. John the Baptist

Graham
    $600 23
(Jonathan: What is "Bewitched?")

Bedazzled

Jonathan
Triple Stumper
    $800 9
Zebulon Pike

Graham
    $800 4
serpentine

Jonathan
    $800 29
Trinity

Graham
    $800 14
Mount Whitney

Graham
    $800 19
Arabic

Jonathan
    $800 24
Save the Last Dance

Jonathan
    $1000 10
the Kalahari

Triple Stumper
    $1000 5
hemoglobin

Graham
    $1000 30
J. Robert Oppenheimer

Jonathan
    $1000 15
Easter Island

Misti
    $1000 20
"Left Behind"

Triple Stumper
    $1000 25
(Alex: Minute to go for the last category.)

Finding Forrester

Graham

Scores at the end of the Double Jeopardy! Round:

Graham Misti Jonathan
$12,000 $1,900 $5,300
(lock game)

[wagering suggestions for these scores]

Final Jeopardy! Round responses

SHAKESPEAREAN CHARACTERS
MistiWho is Brutus?
$1,900
JonathanWho is Brutus?
$4,300
GrahamWho is Brutus?
$56
Brutus

Final scores:

Graham Misti Jonathan
$12,056 $3,800 $9,600
Finalist 3rd place: $5,000 2nd place: $5,000

Game dynamics:

Coryat scores:

Graham Misti Jonathan
$11,000 $1,900 $5,200
29 R
(including 2 DDs),
2 W
8 R,
4 W
13 R
(including 1 DD),
3 W

Combined Coryat: $18,100

[game clues] [game scores] [suggest correction]

Game tape date: 2001-04-12
The J! Archive is created by fans, for fans. Scraping, republication, monetization, and malicious use prohibited; this site may use cookies and collect identifying information. See terms. The Jeopardy! game show and all elements thereof, including but not limited to copyright and trademark thereto, are the property of Jeopardy Productions, Inc. and are protected under law. This website is not affiliated with, sponsored by, or operated by Jeopardy Productions, Inc. Join the discussion at JBoard.tv.